000 00815nam a22002057a 4500
005 20220331111058.0
008 220331b mx ||||| |||| 00| 0 spa d
020 _a9683683800
050 0 4 _a LA428.7
_bD58 2000
245 _aDiversidad y convergencia : estrategias de financiamiento, gestión y reforma de la educación superior /
_cRaúl Domínguez Martínez, Romualdo López Zárate... (et al).
250 _a1a edición
260 _a México, D.F. :
_bUniversidad Nacional Autónoma de México,
_c 2000.
300 _a212 p. ;
_c21 cm.
440 _aPensamiento universitario ;
_n No. 90.
650 _aEducación Superior
_z México.
650 _aEducación Superior
_zAmérica Latina.
700 _aCasanova Cardiel, Hugo
_ecoaut.
700 _aDíaz Barriga, Ángel
_ecol.
942 _2lcc
_cLIB
999 _c161443
_d161441